Every Song by the Spill Canvas - Statistics

General Stats
  • This quiz has been taken 9 times
    4 since last reset
  • The average score is 8 of 78
Answer Stats
Album Song % Correct
Sunsets & Car Crashes(2003) All Hail the Heartbreaker
100%
Conduit(2021) Conduit
100%
No Really, I'm Fine(2007) Lullaby
100%
Formalities(2010) Our Song
100%
Sunsets & Car Crashes(2003) Sunsets and Car Crashes
100%
Sunsets & Car Crashes(2003) 3685
50%
No Really, I'm Fine(2007) All Over You
50%
One Fell Swoop(2005) Polygraph, Right Now!
50%
One Fell Swoop(2005) Staplegunned
50%
Sunsets & Car Crashes(2003) The Night Will Go As Follows
50%
Sunsets & Car Crashes(2003) The Tide
50%
Formalities(2010) 10,000 Midnights
0%
Sunsets & Car Crashes(2003) Aim Snap Fall
0%
Conduit(2021) Akathisia
0%
No Really, I'm Fine(2007) Appreciation and the Bomb
0%
Conduit(2021) Architecture
0%
Formalities(2010) As Long As It Takes
0%
No Really, I'm Fine(2007) Battles
0%
Sunsets & Car Crashes(2003) Black Dresses
0%
No Really, I'm Fine(2007) Bleed, Everyone's Doing It
0%
Conduit(2021) Blueprints
0%
One Fell Swoop(2005) Bound to Happen
0%
Sunsets & Car Crashes(2003) Bracelets
0%
One Fell Swoop(2005) Break a Leg
0%
Conduit(2021) Calenders
0%
Denial Feels So Good(2007) Catch the Wind
0%
Sunsets & Car Crashes(2003) Caterpillars
0%
Gestalt(2012) Chemicals
0%
No Really, I'm Fine(2007) Connect the Dots
0%
Conduit(2021) Cost
0%
Formalities(2010) Crash Course
0%
Conduit(2021) Darkside
0%
Formalities(2010) Don't Let Your Enemies Become Friends
0%
Formalities(2010) Dust Storm
0%
One Fell Swoop(2005) Dutch Courage
0%
Conduit(2021) Firestorm
0%
Gestalt(2012) Firm Believer
0%
Gestalt(2012) From: San Francisco
0%
Conduit(2021) Gallon
0%
Abnormalities(2010) Getaway Drug
0%
Denial Feels So Good(2007) Gold Dust Woman
0%
Formalities(2010) Good Graces, Bad Influences
0%
One Fell Swoop(2005) Himerus and Eros
0%
No Really, I'm Fine(2007) Hush Hush
0%
Hivemind(2018) Landmark
0%
Honestly, I'm Doing Okay(2008) Lay It on Me
0%
Realities(2010) Let Go
0%
No Really, I'm Fine(2007) Low Fidelity
0%
One Fell Swoop(2005) Lust a Prima Vista
0%
Gestalt(2012) Mariana
0%
Non-Album(2020) Mercy
0%
Conduit(2021) Molecules
0%
Hivemind(2018) Mothership Hivemind
0%
Gestalt(2012) My Vicinity
0%
One Fell Swoop(2005) Natalie Marie and 1cc
0%
Gestalt(2012) Off a Cliff
0%
No Really, I'm Fine(2007) One Thing Is for Sure
0%
Gestalt(2012) Parallels and Money
0%
No Really, I'm Fine(2007) Reckless Abandonment
0%
Hivemind(2018) Rollercoaster Daze
0%
Non-Album(2024) Ruiner
0%
Gestalt(2012) Sabotage Internal
0%
No Really, I'm Fine(2007) Saved
0%
One Fell Swoop(2005) Secret Oath
0%
One Fell Swoop(2005) Self-Conclusion
0%
Sunsets & Car Crashes(2003) So Much
0%
One Fell Swoop(2005) Teleport A & B
0%
Formalities(2010) The Bone
0%
Gestalt(2012) The Meds
0%
No Really, I'm Fine(2007) The Truth
0%
One Fell Swoop(2005) This Is for Keeps
0%
Gestalt(2012) To: Chicago
0%
Denial Feels So Good(2007) To Live Without It
0%
Sunsets & Car Crashes(2003) Under the Covers
0%
One Fell Swoop(2005) Valiant
0%
Gestalt(2012) Whiskey Dream Kathleen
0%
Non-Album(2024) Wolves
0%
Sunsets & Car Crashes(2003) Your Evil Soul
0%
No matching quizzes found
Score Distribution
Percent of People with Each Score
Percentile by Number Answered
Your Score History
You have not taken this quiz since the last reset